| 000 | 00644nam a2200217 u 4500 | ||
|---|---|---|---|
| 005 | 20240827063718.0 | ||
| 008 | 110905s1996 es r 000 0 spa d | ||
| 020 | _a9788426350916 | ||
| 035 | _aUPN01000181677 | ||
| 049 | _aI | ||
| 050 | 4 |
_aPZ74.9 _bA4.68 1996 |
|
| 100 | 1 |
_aAlcántara, Ricardo, _d1946- _930578 |
|
| 245 | 1 | 1 |
_a¿Quién quiere a los viejos? / _cRicardo Alcántara. |
| 250 | _a2a ed. | ||
| 260 |
_aZaragoza, Esp. : _bEdelvives, _c1996. |
||
| 300 |
_a121 p. : _bil. |
||
| 440 | 0 |
_a¡Quién. _pVerde, a partir de10 años ; _v6 |
|
| 650 | 4 |
_aLITERATURA INFANTIL URUGUAYA _916751 |
|
| 650 | 2 |
_aAncianos _9583 |
|
| 905 | _aInfantil | ||
| 999 |
_c153780 _d153780 |
||